Landmarks of American Language & Linguistics (Record no. 34831)

MARC details
000 -LEADER
fixed length control field 00496nam a22001577a 4500
003 - CONTROL NUMBER IDENTIFIER
control field OSt
005 - DATE AND TIME OF LATEST TRANSACTION
control field 20220415104654.0
008 - FIXED-LENGTH DATA ELEMENTS--GENERAL INFORMATION
fixed length control field 220415b |||||||| |||| 00| 0 eng d
040 ## - CATALOGING SOURCE
Transcribing agency HU
082 ## - DEWEY DECIMAL CLASSIFICATION NUMBER
Classification number 497
100 ## - MAIN ENTRY--PERSONAL NAME
Personal name Smolinski Frank
9 (RLIN) 35954
245 ## - TITLE STATEMENT
Title Landmarks of American Language & Linguistics
260 ## - PUBLICATION, DISTRIBUTION, ETC.
Place of publication, distribution, etc. Washengton D, C,
Name of publisher, distributor, etc. Materials Devt. & Review Branch English Language Program Division United States Information Agency
Date of publication, distribution, etc. 1993
300 ## - PHYSICAL DESCRIPTION
Extent 266 p
Other physical details pc
Dimensions 29 cm
942 ## - ADDED ENTRY ELEMENTS (KOHA)
Source of classification or shelving scheme Dewey Decimal Classification
Koha item type Books like text book referance book
Suppress in OPAC No
Holdings
Withdrawn status Lost status Source of classification or shelving scheme Damaged status Not for loan Collection code Home library Current library Shelving location Date acquired Total Checkouts Full call number Barcode Date last seen Copy number Price effective from Koha item type
    Dewey Decimal Classification     Reference Wondo Genet Library Wondo Genet Library General Stacks 04/15/2022   497 SMO 1993 WGCFNRL00019032 04/15/2022 1 04/15/2022 Books like text book referance book